| 000 | 01176cam a2200229 4500 | ||
|---|---|---|---|
| 001 | WB4004-20 | ||
| 008 | 040128n2004 000 0 eng u | ||
| 035 | _a(Sirsi) u124936 | ||
| 245 | _aNew waste consultation paper for Scotland | ||
| 260 | _c2004 | ||
| 490 |
_aScottish Executive Press Release _v(SEen768/2004) 26 January 2004 (2) |
||
| 520 | _aProposals to extend the controlled waste regime in Scotland were published today in "Farm wastes and non-mineral wastes from farms and quarries". They include measures to bring non-mineral wastes from mines and quarries and farm wastes within the regulations covering all other waste in Scotland. They also make it an offence to treat, keep or dispose of household wastes in a manner likely to cause pollution of the environment or harm to human health. Copies of the report can be ordered from Ruth Campbell on +44 (0)131 244 0397 http://www.scotland.gov.uk/pages/news/2004/01/SEc3 87a.aspx. | ||
| 590 | _aWB | ||
| 590 | _aWB | ||
| 650 | _aMINING AND MINERALS | ||
| 650 | _aFARMS | ||
| 650 | _aPOLLUTION | ||
| 650 | _aHOUSEHOLD WASTE | ||
| 650 |
_aENVIRONMENT _96238 |
||
| 690 | _aWASTE MANAGEMENT | ||
| 942 | _n0 | ||
| 999 |
_c116967 _d116967 |
||